000
00322nam a2200133Ia 4500
100
_a
Theraja/B.L.
942
_c
BK
654
_a
electrical
245
_a
Fund. of electrical engg. and electronics
260
_b
Nirja construction and devpt
_a
New Delhi
_c
1984
082
_a
621.3
_b
THE
300
_a
752
546
_a
ENGLISH
999
_c
23857
_d
23857